Ne Obliviscaris songs - Statistics

General Stats
  • This quiz has been taken 9 times
  • The average score is 13 of 25
Answer Stats
Answer % Correct
And Plague Flowers the Kaleidoscope
100%
Equus
100%
Forget Not
100%
Intra Venus
100%
As Icicles Fall
80%
Suspyre
80%
Xenoflux
80%
Eyrie
60%
Graal
60%
Of the Leper Butterflies
60%
Painters of the Tempest - Part I - Wyrmholes
60%
Devour Me, Colossus - Part I - Blackholes
40%
Libera - Part I - Saturnine Spheres
40%
Of Petrichor Weaves Black Noise
40%
Painters of the Tempest - Part III - Reveries from the Stained Glass Womb
40%
Painters of the Tempest - Part II -Triptych Lux
40%
Anhedonia
20%
Devour Me, Colossus - Part II - Contortions
20%
Libera - Part II - Ascent of Burning Moths
20%
Misericorde - Part I - As the Flesh Falls
20%
Misericorde - Part II - Anatomy of Quiescence
20%
Pyrrhic
20%
Tapestry of the Starless Abstract
20%
Urn - Part I - And Within the Void We Are Breathless
20%
Urn - Part II - As Embers Dance in Our Eyes
20%
No matching quizzes found
Score Distribution
Percent of People with Each Score
Percentile by Number Answered
Your Score History
You have not taken this quiz